Súlad medzi prácou a rodinou

Nové trendy rozvoja personálnej politiky orientované na rodinu. Prorodinná politika firiem. Flexibilita v cudzine, rezervy na Slovensku. Zvládanie rodičovských povinností.

Na minha lista:
Detalhes bibliográficos
Autor principal: Voštenáková, Zuzana
Formato: Capítulo de Livro
Idioma:eslovaco
Assuntos:
Tags: Adicionar Tag
Sem tags, seja o primeiro a adicionar uma tag!

MARC

LEADER 00000naa$a2200000$$$4500
001 0107881
005 20230908071928.1
041 0 |a slo 
044 |a SK 
245 1 0 |a Súlad medzi prácou a rodinou  |c Zuzana Voštenáková 
520 |a Nové trendy rozvoja personálnej politiky orientované na rodinu. Prorodinná politika firiem. Flexibilita v cudzine, rezervy na Slovensku. Zvládanie rodičovských povinností. 
610 2 0 |a politika rodinná 
610 2 0 |a politika sociálna podniková 
610 2 0 |a práca 
610 2 0 |a výkony pracovné 
610 2 0 |a organizácia času 
610 2 0 |a organizácia práce 
610 2 0 |a rodina 
100 1 |a Voštenáková, Zuzana